| 000 | 00411nam a22001457a 4500 | ||
|---|---|---|---|
| 005 | 20160208120931.0 | ||
| 008 | 160208b xxu||||| |||| 00| 0 eng d | ||
| 040 | _cPK-LaUMT | ||
| 082 |
_aAMC 955.053 _bHEI-R |
||
| 100 | _aHeikal , Muhammad | ||
| 245 |
_aThe return of the ayatollah _bthe iranian revolution from mossadeq to khomeini _cMuhammad Heikal |
||
| 260 |
_a[ ] _b[ ] _c[ ] |
||
| 300 | _a[ ] | ||
| 942 | _cBK | ||
| 999 |
_c82658 _d82658 |
||